Statistics for 100 Biggest Cities in France

Click here to take the quiz!

General Stats

  • This quiz has been taken 234 times
  • The average score is 40 of 100

Answer Stats

LpCityPopulation% Correct
1.Paris2 138 551
99%
2.Marseille794 811
98%
3.Lyon472 317
97%
5.Nice338 620
95%
10.Lille228 328
94%
9.Bordeaux231 844
92%
4.Toulouse433 055
92%
7.Strasbourg274 845
89%
6.Nantes277 269
88%
11.Rennes209 375
84%
8.Montpellier248 252
82%
23.Brest144 899
78%
13.Le Havre185 972
78%
19.Dijon149 782
77%
18.Grenoble158 552
74%
12.Reims196 565
74%
64.Calais74 433
72%
31.Orléans124 149
71%
68.Cannes70 011
68%
38.Nancy105 334
68%
16.Toulon168 701
67%
32.Metz123 914
66%
33.Rouen112 787
65%
26.Tours141 621
65%
15.Saint-Étienne176 280
64%
36.Caen110 624
63%
24.Le Mans144 515
62%
17.Angers168 279
61%
44.Avignon89 769
59%
28.Clermont-Ferrand138 681
59%
20.Nîmes148 236
59%
25.Amiens143 086
58%
49.Versailles85 416
58%
35.Perpignan110 706
56%
27.Limoges141 176
54%
21.Aix-en-Provence146 821
52%
59.La Rochelle76 810
50%
100.Ajaccio54 364
48%
34.Mulhouse111 430
47%
52.Pau82 697
44%
48.Poitiers85 960
43%
40.Saint-Denis96 128
43%
30.Besançon128 426
42%
74.Quimper63 849
42%
29.Villeurbanne131 445
41%
37.Boulogne-Billancourt108 782
37%
72.Colmar65 405
35%
65.Béziers74 081
34%
84.Troyes60 785
34%
41.Roubaix95 721
33%
66.Dunkerque71 287
31%
70.Bourges67 987
30%
47.Nanterre86 719
30%
73.Valence63 864
30%
81.Chambéry61 640
28%
42.Tourcoing91 574
28%
88.Lorient58 112
27%
71.Saint-Nazaire67 054
25%
51.Créteil84 833
24%
83.Neuilly-sur-Seine61 300
24%
98.Niort54 660
23%
62.Antibes76 393
22%
39.Argenteuil101 475
19%
43.Montreuil90 652
19%
67.Aubervilliers70 914
18%
99.Belfort54 562
18%
94.Cergy57 576
18%
14.Cergy-Pontoise183 430
18%
95.Clichy57 467
17%
82.Issy-les-Moulineaux61 447
17%
91.Ivry-sur-Seine57 897
17%
54.Vitry-sur-Seine81 001
17%
50.Courbevoie85 158
16%
97.Saint-Quentin55 407
15%
22.Saint-Quentin-en-Yvelines146 598
15%
75.Drancy62 488
14%
92.Évreux57 795
14%
55.Aulnay-sous-Bois80 615
13%
46.Asnières-sur-Seine86 742
12%
53.Colombes82 300
12%
61.Rueil-Malmaison76 616
12%
77.Villeneuve-d'Ascq62 400
12%
85.Antony59 845
11%
69.Mérignac69 791
11%
76.Noisy-le-Grand62 420
11%
89.Sarcelles57 979
11%
60.Champigny-sur-Marne76 726
10%
79.Levallois-Perret62 178
10%
93.Vénissieux57 584
10%
78.La Seyne-sur-Mer62 330
8%
90.Pessac57 944
8%
63.Saint-Maur-des-Fossés75 402
8%
86.La Roche-sur-Yon59 410
6%
56.Marseille 0878 837
2%
58.Marseille 0976 868
2%
96.Marseille 1156 792
2%
87.Marseille 1258 734
2%
45.Marseille 1389 316
2%
80.Marseille 1461 920
2%
57.Marseille 1577 770
2%

Score Distribution

Percentile by Number Answered

Percent of People with Each Score

Your Score History

You have not taken this quiz